00781 2200277 4500001002100000005001700021008004100038020002200079035002400101040001200125082001400137084001800151100001900169245008200188250001000270260003300280300003100313440003100344650002400375700002000399850001200419990001800431990001800449990001800467990001800485INLIS00000000000385020160729105318.0  a978-979-26-9392-8 0010-041500000000916 aYOPDYOG 223a531.6 aK 531.6 Yan A aYANG, Dae-Sung aApa yang dimaksud dengan energic/Yang Dae-Sung ; penerjemah, Adinda Presanti aEd. 1 aBandungbPelangi Mizanc2011 a37 hlm.b: ilus.c; 27 cm. aseri confidence in science aKekuatan dan energi aAdinda Presanti aYOPDYOG a11046-PD/B.15 a11046-PD/B.15 a11047-PD/B.15 a11048-PD/B.15